| 000 | 00409nam a2200169Ia 4500 | ||
|---|---|---|---|
| 005 | 20230721120809.0 | ||
| 008 | 230524s9999 xx 000 0 und d | ||
| 082 |
_a4 _bKAL |
||
| 100 | _aDouglas E.Comer | ||
| 245 | 0 | _aInternetworking with TCP/IP Vol. I | |
| 250 | _a7TH | ||
| 260 |
_aSINGAPORE _bPearson _c2004 |
||
| 300 | _aXVIII;660 | ||
| 500 | _aQuantity Number: 2 | ||
| 650 | _aComp-Sc | ||
| 942 | _cBK | ||
| 999 |
_c14579 _d14579 |
||